000 02382nam a22004337a 4500
001 BRCA_9183
003 FranzMayer
005 20220809132231.0
008 220701b |||||||| |||| 00| 0 spa d
020 _a9786075393636
040 _cMFM
041 0 _aspa
050 _aF1218.5
_bT48 2019
245 0 0 _aTetzáhuitl :
_bLos presagios de la conquista de México
260 _aCiudad de México
_bMuseo del Templo Mayor
_c2019
300 _a239 p. :
_bil. y fot. ;
_c22 x 30 cm.
490 _aMuseos y Galerías
500 _aUbicación: L59-N5
500 _aIncluye imágenes de piezas del Museo Franz Mayer (p. 144-147)
500 _aIncluye índice y lista de obra en exposición
504 _aBibliografía: p. 225-231
505 2 _tPresentaciones /
_rAlejandra Frausto Guerrero (Secretaria de Cultura) y Diego Prieto Hernández (Director General de Instituto Nacional de Antropología e Historia)
505 _tIntroducción
_rPatricia Ledesma Bouchan
505 _t¿Qué es un augurio? Una fuente básica para entender el concepto /
_rAlfredo López Austin
505 _tControlar el futuro e integrar al otro: los presagios de la conquista de México /
_rGuilhem Oliver
505 _tSignos del final de los tiempo. Los ocho presagios de la Conquista del Códice Florentino /
_rBerenice Alcántara Rojas
505 _tBreve apunte sobre los espejos /
_rBertina Olmedo Vera
505 _tEl hombre del espejo: el espejo de obsidiana de John Dee en el Museo Británico de Londres /
_rRachel King
505 _tSeñales y profecías en el mundo de los conquistadores /
_rBernard Grunberg
505 _tLa invención profética entre los mayas de hoy y de ayer /
_rValentina Vapnarsky
505 _tAgüeros y presagios de la caída del Tahuantinsuyu /
_rLuis Millones y Renata Mayer
505 _tProvocar la suerte, aprovechar la oportunidad: los presagios en la Antigüedad griega y romana /
_rRenée Koch Piettre
520 _aCatálogo de la exposición temporal "Tetzáhuitl. Los presagios de la conquista de México" en el Museo del Templo Mayor (Noviembre 2019 - Marzo 2020 Ciudad de México)
650 _aIndígenas de México
_xMuseos
_vCatálogos
_928400
651 _aMéxico
_xHistoria
_yConquista, 1519-1540
_9442
655 _aCatálogos
_928401
942 _2lcc
_cB
999 _c10802
_d10802